000 00973nmm a2200289 a 4500
001 ocm0001411668
003 TR-IsHL
005 20201028164427.0
008 160220s2013 tu tur
007 cr cn
020 _a9786051314532
035 _a1411668
_b(N$T)
050 0 4 _aBP135.8
_bM37 2013
090 0 4 _aBP135.8
_bM37 2013
100 1 _aMartı, Huriye
245 1 0 _aHadisler ekseninde çevre ahlakı
_h[electronic resource] /
_cHuriye Martı
260 _aİstanbul :
_bEtkileşim Yayınları,
_c2013
300 _a159 p.
650 4 _aFelsefe, Psikoloji ve Din
650 4 _aPhilosophy, Psychology and Religion
650 0 _aEnvironment in the Hadith
650 0 _aÇevre, Hadiste
650 0 _aÇevre
_x Dini açıdan
_x İslam
650 0 _aEnvironment
_x Religious aspects
_x Islam
650 7 _aRELIGION / Islam / General
_2bisacsh
856 4 0 _uhttp://search.ebscohost.com/login.aspx?direct=true&scope=site&db=e011xww&AN=1411668
999 _c15608
_d15608